Statistics for NBA Players in the 50-40-90 club

Click here to take the quiz!

General Stats

  • This quiz has been taken 21 times
  • The average score is 11 of 12

Answer Stats

TeamYear(s)Answer% Correct
Celtics1986-87Larry Bird
100%
Celtics1987-88Larry Bird
100%
Warriors2015-16Stephen Curry
100%
Mavericks2006-07Dirk Nowitzki
95%
Thunder2012-13Kevin Durant
95%
Suns2005-06Steve Nash
95%
Suns2007-08Steve Nash
95%
Suns2008-09Steve Nash
95%
Suns2009-10Steve Nash
95%
Pacers1993-94Reggie Miller
85%
Cavaliers1988-89Mark Price
70%
Bucks2018-19Malcolm Brogdon
55%

Score Distribution

Percentile by Number Answered

Percent of People with Each Score

Your Score History

You have not taken this quiz